| 000 | 00456nam a22001817a 4500 | ||
|---|---|---|---|
| 999 |
_c18996 _d18996 |
||
| 003 | OSt | ||
| 005 | 20210626101519.0 | ||
| 008 | 210626b xxu||||| |||| 00| 0 eng d | ||
| 020 | _a9966261748 | ||
| 040 | _cKABU | ||
| 050 |
_aMT1 _b.D53 2019 c.1 |
||
| 100 | _aDigolo, Beatrice Aoko | ||
| 245 | _aPhilosophy of music education | ||
| 260 |
_aEldoret, Kenya _bUtafiti Foundation _c2019 |
||
| 300 | _aviii, 122p. | ||
| 650 | _aMusic | ||
| 942 |
_2lcc _cBK |
||